[Event "26th olm final"]
[Site "Thessaloniki"]
[Date "1984.11.22"]
[Round "4.3"]
[White "Martinez, Ibrahim"]
[Black "Jakobsen, Ole"]
[Result "0-1"]
[WhiteElo "2290"]
[BlackElo "2435"]
[EventDate "1984.11.19"]
[WhiteTeam "Mexico"]
[BlackTeam "Denmark"]
[PlyCount "66"]

1.e4 c5 2.Nf3 e6 3.d4 cxd4 4.Nxd4 d6 5.Nc3 a6 6.Be3 Nf6 7.Be2 Be7 8.O-O
O-O 9.f4 Qc7 10.Qd2 b5 11.a3 Bb7 12.Bf3 Nbd7 13.f5 e5 14.Nde2 Nb6 15.b3
Rfd8 16.Kh1 Rac8 17.Qe1 d5 18.Bxb6 Qxb6 19.exd5 Nxd5 20.Nxd5 Bxd5 21.Bxd5
Rxd5 22.Nc3 Rdc5 23.Nd1 Qc6 24.Ne3 Bg5 25.Rd1 Bxe3 26.Qxe3 Rxc2 27.Rg1 Qc7
28.f6 gxf6 29.Qh6 Rc6 30.Rd3 f5 31.Qg5+ Rg6 32.Qxf5 Qc6 33.Qxe5 Qxg2+ 0-1